MARC

Tag First Indicator Second Indicator Subfields
LEADER 00000cam a2200000Ii 4500
001 in00000050044
005 20191022133424.0
008 811202t19811981nyua j 000 1 eng
010 |a  79002682  
035 |a (OCoLC)ocm07386582 
035 |9 AAF4093AM 
040 |a DLC  |b eng  |e rda  |c DLC  |d MUS  |d BLI  |d XY4  |d BAKER  |d BTCTA  |d YDXCP  |d OSU  |d UBY  |d IAD  |d OCLCA  |d CDX  |d FUG  |d XY4  |d OCLCQ  |d BDX  |d LMR  |d MNW  |d WAU  |d OCLCF  |d P4I  |d OCLCQ  |d OCLCO  |d OCLCQ  |d CNGUL  |d NMW  |d OCLCO  |d OCL  |d MOR  |d YBM  |d XFF  |d IOU  |d ALLCP  |d G3T  |d OCLCA  |d ILM  |d OCL  |d FO7  |d TAW  |d CCHGZ  |d XBE  |d OCLCQ  |d OCLCO  |d OCLCA  |d CCH  |d MBB  |d CNO  |d GZI  |d BRL  |d OCLCQ  |d BNC  |d MUO  |d BOS  |d TYC  |d CBA  |d NZ1  |d FDA  |d OCLCO  |d JNG  |d OCLCO  |d GZN  |d TXUPP  |d OCLCO  |d ZCU  |d OCLCO  |d IHT  |d OCL 
019 |a 7338648  |a 7546918  |a 8778152  |a 16291730  |a 29266536  |a 31297795  |a 32799440  |a 35120117  |a 36896161  |a 173993805  |a 519717915  |a 677000528  |a 746124451  |a 962897456  |a 966089575  |a 987043741  |a 995342254  |a 1005488477  |a 1016097986  |a 1021254148  |a 1022833622 
020 |a 0060255234 
020 |a 9780060255237 
020 |a 0064431851  |q (pbk.) 
020 |a 9780064431859  |q (pbk.) 
020 |a 0060255242  |q (library) 
020 |a 9780060255244  |q (library) 
020 |a 0606039805 
020 |a 9780606039802 
035 |a (OCoLC)7386582  |z (OCoLC)7338648  |z (OCoLC)7546918  |z (OCoLC)8778152  |z (OCoLC)16291730  |z (OCoLC)29266536  |z (OCoLC)31297795  |z (OCoLC)32799440  |z (OCoLC)35120117  |z (OCoLC)36896161  |z (OCoLC)173993805  |z (OCoLC)519717915  |z (OCoLC)677000528  |z (OCoLC)746124451  |z (OCoLC)962897456  |z (OCoLC)966089575  |z (OCoLC)987043741  |z (OCoLC)995342254  |z (OCoLC)1005488477  |z (OCoLC)1016097986  |z (OCoLC)1021254148  |z (OCoLC)1022833622 
042 |a lcac 
050 0 4 |a PZ7.S47  |b Ou 1981 
050 4 |a PS3569.E6  |b O87 1981 
060 4 |a PZ7.S47  |b Ou 
082 0 4 |a [E]  |2 19 
084 |a I712.85  |2 clc 
084 |a I712.85  |2 clc. 
049 |a TXAM 
100 1 |a Sendak, Maurice,  |e author,  |e illustrator,  |e book designer. 
245 1 0 |a Outside over there /  |c Maurice Sendak ; calligraphy by Jeanyee Wong ; designed by Maurice Sendak and Atha Tehon. 
264 1 |a [New York] :  |b Harper & Row,  |c [1981] 
264 4 |c ©1981 
300 |a 40 unnumbered pages :  |b color illustrations ;  |c 24 x 27 cm 
336 |a text  |b txt  |2 rdacontent 
337 |a unmediated  |b n  |2 rdamedia 
338 |a volume  |b nc  |2 rdacarrier 
385 |a Children  |2 lcsh 
586 |a Caldecott Honor Book 
500 |a Maurice Bernard Sendak (June 10, 1928 - May 8, 2012) was an American illustrator and writer of children's books. He became widely known for his book Where the Wild Things Are, first published in 1963. Born to Jewish-Polish parents, his childhood was affected by the death of many of his family members during the Holocaust. Sendak also wrote works such as In the Night Kitchen, Outside Over There, and illustrated many works by other authors including the Little Bear books by Else Holmelund Minarik. 
500 |a Art techniques used: Watercolor, pencil, pen and ink. 
500 |a Illustrated by the author. 
500 |a "An Ursula Nordstrom book"--Page [4]. 
500 |a "Designed by Maurice Sendak and Atha Tehon"--Title page verso. 
520 |a With Papa off to sea and Mama despondent, Ida must go outside over there to rescue her baby sister from goblins who steal her to be a goblin's bride. 
586 |a Caldecott Honor Book, 1982. 
526 0 |a Accelerated Reader  |b LG  |c 3.6  |d .5. 
526 0 |a Reading Counts  |b 3-5  |c 4.3  |d 2. 
526 0 |a Accelerated Reader AR  |b LG  |c 3.6  |d 0.5  |z 45880. 
526 0 |a Reading Counts RC  |b 3-5  |c 4.3  |d 2  |z Quiz: 08807  |z Guided reading level: K. 
650 0 |a Determination (Personality trait)  |v Juvenile fiction. 
650 0 |a Infants  |v Juvenile fiction. 
650 0 |a Sisters  |v Juvenile fiction. 
650 0 |a Goblins  |v Juvenile fiction. 
650 0 |a Kidnapping  |v Juvenile fiction. 
650 0 |a Horn (Musical instrument)  |v Juvenile fiction. 
650 0 |a Families  |v Juvenile fiction. 
650 0 |a Depression, Mental  |v Juvenile fiction. 
650 0 |a Fantasy fiction. 
650 1 |a Fantasy. 
650 1 |a Sisters  |v Fiction. 
650 7 |a Determination (Personality trait)  |v Juvenile fiction.  |2 cct 
650 7 |a Infants  |v Juvenile fiction.  |2 cct 
650 7 |a Sisters  |v Juvenile fiction.  |2 cct 
650 7 |a Goblins  |v Juvenile fiction.  |2 cct 
650 7 |a Kidnapping  |v Juvenile fiction.  |2 cct 
650 7 |a Horn (Musical instrument)  |v Juvenile fiction.  |2 cct 
650 7 |a Families  |v Juvenile fiction.  |2 cct 
650 7 |a Depression, Mental  |v Juvenile fiction.  |2 cct 
650 7 |a Fantasy fiction.  |2 fast  |0 (OCoLC)fst00920710 
650 7 |a Depression, Mental.  |2 fast  |0 (OCoLC)fst00890931 
650 7 |a Determination (Personality trait)  |2 fast  |0 (OCoLC)fst00891650 
650 7 |a Families.  |2 fast  |0 (OCoLC)fst01728849 
650 7 |a Goblins.  |2 fast  |0 (OCoLC)fst00944030 
650 7 |a Horn (Musical instrument)  |2 fast  |0 (OCoLC)fst00960239 
650 7 |a Infants.  |2 fast  |0 (OCoLC)fst00972103 
650 7 |a Kidnapping.  |2 fast  |0 (OCoLC)fst00987322 
650 7 |a Sisters.  |2 fast  |0 (OCoLC)fst01119758 
650 7 |a Siblings  |v Fiction.  |2 sears 
650 4 |a Reading list  |y 2015 summer  |v Hockaday  |v before kindergarten. 
650 4 |a Reading List  |y 2014 Summer  |v UP Elementary  |v entering 2nd grade. 
655 7 |a Picture books.  |2 fast  |0 (OCoLC)fst01726789 
655 7 |a Fantasy fiction.  |2 fast  |0 (OCoLC)fst01726607 
655 7 |a Fantasy fiction.  |2 gsafd 
655 0 |a Picture books for children. 
655 4 |a Caldecott Medal  |x Honor book  |y 1982. 
655 4 |a Fantasy fiction  |v Juvenile. 
655 7 |a Fiction.  |2 fast  |0 (OCoLC)fst01423787 
655 7 |a Juvenile works.  |2 fast  |0 (OCoLC)fst01411637 
655 7 |a Fantasy literature  |y 1981.  |2 rbgenr 
655 7 |a Dust jackets (Bindings)  |y 1981.  |2 rbbin 
655 7 |a Fantasy fiction.  |2 lcgft 
700 1 |a Wong, Jeanyee,  |d 1920-2017,  |e calligrapher. 
700 1 |a Tehon, Atha,  |e book designer. 
710 2 |a Harper & Row, Publishers,  |e publisher. 
752 |a United States  |b New York (State)  |d New York. 
856 4 2 |3 Contributor biographical information  |u http://catdir.loc.gov/catdir/enhancements/fy0910/79002682-b.html  |t 0 
856 4 2 |3 Publisher description  |u http://catdir.loc.gov/catdir/description/hc044/79002682.html  |t 0 
856 4 |3 Author photo  |u https://covers.openlibrary.org/a/olid/OL366346A-M.jpg  |x Open Library 20170308  |t 0 
856 4 |3 Cover image  |u https://covers.openlibrary.org/b/id/6796522-M.jpg  |x Open Library 20170308  |t 0 
948 |a cataloged  |b h  |c 2006/3/23  |d c  |e bhartsfi  |f 8:04:03 am 
994 |a C0  |b TXA 
999 f f |s ade4a224-f4b7-313d-baa8-35e34b39373b  |i 99e71cae-e03c-3f33-a480-2e320a6a7274  |t 0 
952 f f |p ric  |a Texas A&M University  |b Rellis Campus  |c Joint Library Facility  |s JLF  |d Remote Storage  |t 0  |e PZ7.S47 Ou  |h Library of Congress classification  |i unmediated -- volume  |m A14833586430 
952 f f |p normal  |a Texas A&M University  |b College Station  |c Sterling C. Evans Library  |s Evans curr  |d Evans: Curriculum Collection (4th floor)  |t 0  |e PZ7 S47 Ou  |h Library of Congress classification  |i unmediated -- volume  |m A14822031189 
998 f f |a PZ7 S47 Ou  |t 0  |l Evans: Curriculum Collection (4th floor) 
998 f f |a PZ7.S47 Ou  |t 0  |l Remote Storage